Perception of Product Placement Usage by Slovak Consumers
Umiestňovanie produktov, známe aj pod pojmom product placement, ako špecifická forma reklamy na propagáciu svojich produktov. Pohľad na pozitívne účinky spojené s využitím tohto špecifického nástroja. Jeden z týchto efektov sa prejavuje v zlepšení imidžu značky propagovaných produktov. Zmeny vo vním...
Na minha lista:
| Autor principal: | |
|---|---|
| Outros Autores: | |
| Formato: | Capítulo de Livro |
| Idioma: | inglês |
| Assuntos: | |
| Tags: |
Sem tags, seja o primeiro a adicionar uma tag!
|
MARC
| LEADER | 00000naa a2200000 4500 | ||
|---|---|---|---|
| 001 | 0256272 | ||
| 005 | 20220504111212.5 | ||
| 041 | 0 | |a eng | |
| 044 | |a SK | ||
| 245 | 1 | 0 | |a Perception of Product Placement Usage by Slovak Consumers |c Michal Budinský, Janka Táborecká-Petrovičová |
| 520 | |a Umiestňovanie produktov, známe aj pod pojmom product placement, ako špecifická forma reklamy na propagáciu svojich produktov. Pohľad na pozitívne účinky spojené s využitím tohto špecifického nástroja. Jeden z týchto efektov sa prejavuje v zlepšení imidžu značky propagovaných produktov. Zmeny vo vnímaní značiek spotrebiteľmi v súvislosti s ich umiestnením. | ||
| 610 | 2 | 0 | |a umiestňovanie produktov |
| 610 | 2 | 0 | |a propagácia |
| 610 | 2 | 0 | |a spotrebitelia |
| 610 | 2 | 0 | |a stratégia marketingová |
| 100 | 1 | |a Budinský, Michal | |
| 700 | 1 | |a Táborecká-Petrovičová, Janka | |